| 000 | 01162nam a2200337 i 4500 | ||
|---|---|---|---|
| 001 | 28469 | ||
| 003 | BD-RjUL | ||
| 005 | 20211209051304.0 | ||
| 008 | 140330s1978 nyua b 001 0 eng | ||
| 020 | _a0471291781 | ||
| 035 | _a(BD-RjUL)28550 | ||
| 040 |
_aDLC _cDLC _dDLC _dBD-RjUL _beng |
||
| 041 | _aeng | ||
| 082 | 0 | 0 |
_a616.8914 _bHAN 1978 |
| 245 | 0 | 0 |
_aHandbook of psychotherapy and behavior change : _ban empirical analysis / _cSol L. Garfield and Allen E. Bergin, editors. |
| 250 | _a2d ed. | ||
| 260 |
_aNew York : _bWiley, _cc1978. |
||
| 300 |
_axvi, 1024 p. : _bill. ; _c26 cm. |
||
| 500 | _aFirst ed. (1971) edited by A. E. Bergin and S. L. Garfield. | ||
| 504 | _aIncludes bibliographies and indexes. | ||
| 650 | 0 |
_aPsychotherapy. _987181 |
|
| 650 | 0 |
_aBehavior therapy. _987182 |
|
| 650 | 2 |
_aBehavior therapy. _987183 |
|
| 650 | 2 |
_aPsychotherapy. _987184 |
|
| 700 | 1 |
_aGarfield, Sol L. _q(Sol Louis), _d1918-2004. _987185 |
|
| 700 | 1 |
_aBergin, Allen E., _d1934- _987186 |
|
| 700 | 1 |
_aBergin, Allen E., _d1934- _tHandbook of psychotherapy and behavior change. _987187 |
|
| 942 |
_2ddc _cBK |
||
| 999 |
_c28469 _d28469 |
||